| 000 | 00454cam a2200181ua 4500 | ||
|---|---|---|---|
| 020 | _cRs 1.00 | ||
| 041 |
_amal _h |
||
| 082 |
_a894.812 1 _bRAM/OR |
||
| 100 | _aRamavarma, Vayalar . | ||
| 245 |
_aOru judas janikkunnu / _cVayalar Ramavarma. _hTextual Documents |
||
| 260 |
_aThrissur : _bCurrent Books , _c1963. |
||
| 300 | _a61 ; . | ||
| 365 | _aRs 1.00 | ||
| 504 | _a | ||
| 650 | _aPoems - Malayalam | ||
| 942 | _cBK | ||
| 999 |
_c570 _d570 |
||